000 00662cam a22001934a 4500
001 15055091
005 20250220161019.0
008 071023s2008 miu 000 0 eng
020 _a9780800732516 (pbk.)
050 0 0 _aBT825
_b.H285 2008
082 0 0 _a248.8/6
_222
100 1 _aHarris, Trudy.
245 1 0 _aGlimpses of heaven :
_btrue stories of hope and peace at the end of life's journey /
_cTrudy Harris.
260 _aGrand Rapids, MI :
_bRevell,
_c2008.
300 _a190 p. ;
_c22 cm.
650 0 _aDeath
_xReligious aspects
_xChristianity.
856 4 1 _3Table of contents only
_uhttp://www.loc.gov/catdir/toc/ecip083/2007044052.html
942 _2lcc
_cBK
_n0
999 _c3977
_d3977